| 000 | 00808cab a2200229 4500 | ||
|---|---|---|---|
| 001 | ABS41719 | ||
| 008 | 090401t1989 xxu||||| |||| 00| 0 eng d | ||
| 035 | _a(Sirsi) u32000 | ||
| 041 | _aeng | ||
| 100 | _aTurton, J. | ||
| 245 | _aImplied planning permission: physical operations and change of use | ||
| 260 | _c1989 | ||
| 350 | _a0 | ||
| 490 |
_aFacilities _v7(10) October 1989, 7-9(3) |
||
| 520 | _aExamines the granting of implied planning permission for physical works and changes of use under the General Development Order 1988 , focusing primarily on the provisions relating to offices . | ||
| 650 | _aDEVELOPMENT | ||
| 650 | _aPLANNING CONTROL | ||
| 650 | _aTOWN AND COUNTRY PLANNING (USE CLASSES) ORDER 1987 | ||
| 690 | _aPLANNING LAW AND PRACTICE | ||
| 942 | _n0 | ||
| 948 | _c04/03/1997 | ||
| 999 |
_c21475 _d21475 |
||